|
|
|
|
| LEADER |
00773nab a2200229 i 4500 |
| 001 |
publ5748 |
| 005 |
20240126213337.0 |
| 008 |
151028s2013 hu o 000 zxx d |
| 022 |
|
|
|a 1844-6086
|
| 024 |
7 |
|
|a 10.2478/ausi-2014-0001
|2 doi
|
| 024 |
7 |
|
|a 2515078
|2 mtmt
|
| 040 |
|
|
|a SZTE Publicatio Repozitórium
|b hun
|
| 041 |
|
|
|a zxx
|
| 100 |
1 |
|
|a Németh Tamás
|
| 245 |
1 |
0 |
|a Online data clustering algorithms in an RTLS system
|h [elektronikus dokumentum] /
|c Németh Tamás
|
| 260 |
|
|
|c 2013
|
| 300 |
|
|
|a 5-15
|
| 490 |
0 |
|
|a ACTA UNIVERSITATIS SAPIENTIAE INFORMATICA
|v 5 No. 1
|
| 650 |
|
4 |
|a Számítás- és információtudomány
|
| 700 |
0 |
1 |
|a Nagy Sándor
|e aut
|
| 700 |
0 |
1 |
|a Imreh Csanád
|e aut
|
| 856 |
4 |
0 |
|u http://publicatio.bibl.u-szeged.hu/5748/1/info51_1_u.pdf
|z Dokumentum-elérés
|